| 000 | 00751cam a2200265 a 4500 | ||
|---|---|---|---|
| 001 | 39104793 | ||
| 003 | OCoLC | ||
| 005 | 20170614205309.0 | ||
| 008 | 020603s2001 sp a b 000 f spa d | ||
| 020 | _a842413186X (pbk.) | ||
| 020 | _a9788424131869 (pbk.) | ||
| 040 |
_aCS1 _cCS1 _dOCL |
||
| 041 | _aspa | ||
| 092 |
_aJSP E _bMonreal, V. |
||
| 100 | 1 | _aMonreal, Violeta. | |
| 245 | 1 | 0 |
_aDe qué tienes miedo? / _cVioleta Monreal. |
| 250 | _a5. ed. | ||
| 260 |
_aLeón, España : _bEditorial Everest, _c[2001?] |
||
| 300 |
_a35 p. : _bcol. ill. ; _c21 cm. |
||
| 440 | 0 | _aMontaña encantada. | |
| 500 | _a"Primeros lectores"--P. [4] of cover. | ||
| 520 | _aVemos lo que les asusta a varios niños. | ||
| 650 | 1 |
_aFear _vFiction. |
|
| 942 | _cBK | ||
| 999 |
_c17601 _d17601 |
||